Pays ayant été colonisés par l'Allemagne - Statistiques

Statistiques générales
  • Ce quiz a été pris 127 fois
  • Le résultat moyen est 18 sur 38
Réponses sur la Carte
Les réponses sont colorées sur une échelle allant du rouge au vert en fonction du pourcentage des utilisateurs qui les ont devinées à leur premier essai. Vous pouvez retrouver ces pourcentages ci-dessous.
 
Statistiques - réponses
Réponse % Correct
France
93%
Pologne
93%
Belgique
88%
Pays bas
87%
Autriche
86%
Russie
78%
Danemark
76%
Lituanie
74%
Ukraine
74%
Allemagne
73%
Lettonie
70%
Estonie
68%
Biélorussie
67%
Luxembourg
67%
Norvège
66%
Chine
54%
Namibie
54%
Slovénie
49%
Japon
47%
Serbie
47%
Grèce
46%
Cameroun
45%
États-Unis
41%
Tanzanie
41%
Bosnie-Herzégovine
36%
Togo
35%
Burundi
26%
Rwanda
25%
Mozambique
19%
Papouasie Nouvelle-Guinée
19%
Ghana
14%
Gabon
13%
Îles Marshall
11%
Nauru
11%
Palaos
11%
Salomon
11%
Samoa
6%
Vénézuela
5%
Aucun quiz correspondant
Distribution des résultats
% des personnes avec chaque résultat
Percentile par nombre de réponses
Votre historique - résultats
Vous n’avez pas pris ce quiz